[Event "World Chess Olympiad 2018"]
[Site "Batumi"]
[Date "2018.09.27"]
[Round "4"]
[Board "3"]
[WhiteFideId "10101314"]
[White "Silva David"]
[BlackFideId "7300220"]
[Black "Ortiz Q Johnny Alexander"]
[Result "1/2-1/2"]
[LiveChessVersion "1.4.8"]
[BlackElo "2207"]
[WhiteElo "2223"]

1. e4 {[%clk 1:24:36]} c5 {[%clk 1:30:55]} 2. Nf3 {[%clk 1:24:45]} d6
{[%clk 1:31:19]} 3. Bb5+ {[%clk 1:25:09]} Nd7 {[%clk 1:31:44]} 4. Ba4
{[%clk 1:25:33]} Ngf6 {[%clk 1:25:07]} 5. O-O {[%clk 1:20:49]} e6
{[%clk 1:13:34]} 6. c4 {[%clk 1:18:52]} Be7 {[%clk 1:13:00]} 7. Nc3
{[%clk 1:19:08]} O-O {[%clk 1:13:04]} 8. d3 {[%clk 1:19:20]} Ne5 {[%clk 1:06:22]}
9. Nxe5 {[%clk 1:19:20]} dxe5 {[%clk 1:06:51]} 10. a3 {[%clk 1:19:08]} Bd7
{[%clk 1:02:27]} 11. Be3 {[%clk 1:19:27]} b6 {[%clk 0:57:46]} 12. Rb1
{[%clk 1:18:20]} Bxa4 {[%clk 0:52:23]} 13. Qxa4 {[%clk 1:16:47]} Ng4
{[%clk 0:47:45]} 14. Bd2 {[%clk 1:16:44]} Bg5 {[%clk 0:45:53]} 15. Qd1
{[%clk 1:16:52]} Bxd2 {[%clk 0:45:45]} 16. Qxd2 {[%clk 1:17:11]} Qh4
{[%clk 0:39:08]} 17. h3 {[%clk 1:17:33]} Nf6 {[%clk 0:39:36]} 18. b4
{[%clk 1:16:39]} Nd7 {[%clk 0:30:22]} 19. Qe3 {[%clk 1:16:34]} Rfd8
{[%clk 0:28:46]} 20. Na4 {[%clk 1:15:46]} Rac8 {[%clk 0:29:00]} 21. Rb2
{[%clk 1:13:00]} h6 {[%clk 0:28:56]} 22. Qg3 {[%clk 1:12:57]} Qe7
{[%clk 0:25:14]} 23. Re1 {[%clk 1:11:07]} Qd6 {[%clk 0:24:12]} 24. Rb3
{[%clk 1:11:03]} Nf6 {[%clk 0:19:45]} 25. bxc5 {[%clk 1:11:21]} bxc5
{[%clk 0:20:13]} 26. Qf3 {[%clk 1:11:22]} Nd7 {[%clk 0:18:03]} 27. Reb1
{[%clk 1:11:32]} Qa6 {[%clk 0:16:14]} 28. Nc3 {[%clk 1:11:41]} Rb8
{[%clk 0:13:12]} 29. Qe3 {[%clk 1:10:57]} Rb6 {[%clk 0:12:37]} 30. Qc1
{[%clk 1:02:53]} Rdb8 {[%clk 0:10:50]} 31. Qc2 {[%clk 1:02:20]} Kf8
{[%clk 0:08:59]} 32. Rxb6 {[%clk 0:55:42]} axb6 {[%clk 0:05:40]} 33. a4
{[%clk 0:54:07]} Ra8 {[%clk 0:04:58]} 34. Rb5 {[%clk 0:54:29]} Qc8
{[%clk 0:04:26]} 35. g3 {[%clk 0:54:02]} Qc7 {[%clk 0:04:04]} 36. Kg2
{[%clk 0:54:00]} 1/2-1/2

[Event "World Chess Olympiad 2018"]
[Site "Batumi"]
[Date "2018.09.27"]
[Round "4"]
[Board "4"]
[WhiteFideId "7300239"]
[White "Lorenzana Wilson Estuardo"]
[BlackFideId "10100431"]
[Black "Oliveira Luciano"]
[Result "1-0"]
[LiveChessVersion "1.4.8"]
[BlackElo "2216"]
[WhiteElo "2292"]

1. e4 {[%clk 1:30:48]} c5 {[%clk 1:30:48]} 2. Nf3 {[%clk 1:31:06]} d6
{[%clk 1:30:57]} 3. d4 {[%clk 1:31:25]} cxd4 {[%clk 1:31:20]} 4. Nxd4
{[%clk 1:31:51]} Nf6 {[%clk 1:31:37]} 5. Nc3 {[%clk 1:32:14]} a6 {[%clk 1:31:52]}
6. f4 {[%clk 1:32:29]} e6 {[%clk 1:31:36]} 7. Qf3 {[%clk 1:32:36]} Qc7
{[%clk 1:31:15]} 8. Be3 {[%clk 1:31:19]} b5 {[%clk 1:28:59]} 9. a3
{[%clk 1:31:00]} Bb7 {[%clk 1:29:01]} 10. Bd3 {[%clk 1:31:25]} Nbd7
{[%clk 1:28:36]} 11. g4 {[%clk 1:31:49]} Nc5 {[%clk 1:23:37]} 12. g5
{[%clk 1:31:16]} Nfd7 {[%clk 1:23:51]} 13. O-O-O {[%clk 1:30:50]} Be7
{[%clk 1:19:13]} 14. Kb1 {[%clk 1:30:28]} Nb6 {[%clk 1:18:15]} 15. f5
{[%clk 1:30:14]} e5 {[%clk 1:15:50]} 16. Nde2 {[%clk 1:30:04]} O-O-O
{[%clk 1:06:56]} 17. f6 {[%clk 1:29:14]} gxf6 {[%clk 1:06:41]} 18. gxf6
{[%clk 1:29:36]} Bf8 {[%clk 1:07:06]} 19. Rhg1 {[%clk 1:28:05]} Kb8
{[%clk 1:06:59]} 20. Nd5 {[%clk 1:22:49]} Nxd5 {[%clk 1:02:34]} 21. exd5
{[%clk 1:23:06]} Nd7 {[%clk 0:51:13]} 22. Nc3 {[%clk 1:19:39]} Re8
{[%clk 0:48:27]} 23. h4 {[%clk 1:14:50]} Qd8 {[%clk 0:46:40]} 24. Rdf1
{[%clk 1:14:45]} h5 {[%clk 0:43:07]} 25. Be4 {[%clk 1:02:23]} Bh6
{[%clk 0:42:01]} 26. Bg5 {[%clk 1:02:45]} Reg8 {[%clk 0:39:05]} 27. Qe2
{[%clk 0:59:09]} Bxg5 {[%clk 0:31:51]} 28. hxg5 {[%clk 0:58:52]} Nf8
{[%clk 0:32:02]} 29. Qd3 {[%clk 0:57:07]} Qb6 {[%clk 0:30:42]} 30. Rg2
{[%clk 0:49:43]} h4 {[%clk 0:29:21]} 31. Rh1 {[%clk 0:49:38]} Bc8
{[%clk 0:19:09]} 32. Bf5 {[%clk 0:49:42]} Ng6 {[%clk 0:16:38]} 33. Ne2
{[%clk 0:45:37]} Bxf5 {[%clk 0:11:46]} 34. Qxf5 {[%clk 0:46:01]} Qc5
{[%clk 0:11:34]} 35. Qe4 {[%clk 0:42:58]} Rh5 {[%clk 0:11:08]} 36. Rh3
{[%clk 0:42:27]} Qc4 {[%clk 0:07:28]} 37. Qxc4 {[%clk 0:40:37]} bxc4
{[%clk 0:06:55]} 38. Rg4 {[%clk 0:41:02]} Rc8 {[%clk 0:07:09]} 39. Ng3
{[%clk 0:39:44]} Rhh8 {[%clk 0:06:08]} 40. Nf5 {[%clk 1:09:56]} Kc7
{[%clk 0:32:46]} 41. Rxc4+ {[%clk 1:10:15]} Kd7 {[%clk 0:33:10]} 42. Rg4
{[%clk 1:08:22]} Rc5 {[%clk 0:32:51]} 43. Ne3 {[%clk 1:08:23]} Rg8
{[%clk 0:30:07]} 44. Rb4 {[%clk 1:05:57]} Rb5 {[%clk 0:28:39]} 45. Rg4
{[%clk 1:02:40]} Rh8 {[%clk 0:22:41]} 46. b3 {[%clk 1:00:54]} Rc8
{[%clk 0:21:32]} 47. Kb2 {[%clk 1:01:14]} a5 {[%clk 0:21:30]} 48. c4
{[%clk 0:52:42]} Rbb8 {[%clk 0:21:41]} 49. Ng2 {[%clk 0:52:25]} Rh8
{[%clk 0:19:58]} 50. Kc3 {[%clk 0:52:26]} Rh5 {[%clk 0:20:13]} 51. b4
{[%clk 0:49:45]} axb4+ {[%clk 0:20:36]} 52. axb4 {[%clk 0:50:14]} Ra8
{[%clk 0:20:46]} 53. Kb2 {[%clk 0:50:35]} Ra4 {[%clk 0:20:50]} 54. Kb3
{[%clk 0:50:10]} Ra1 {[%clk 0:20:15]} 55. c5 {[%clk 0:49:50]} dxc5
{[%clk 0:17:06]} 56. bxc5 {[%clk 0:50:17]} Rg1 {[%clk 0:15:01]} 57. Ra4
{[%clk 0:41:15]} Rxg2 {[%clk 0:06:26]} 58. Ra7+ {[%clk 0:41:40]} Kc8
{[%clk 0:06:49]} 59. d6 {[%clk 0:41:14]} Rd2 {[%clk 0:06:37]} 60. Kc4
{[%clk 0:41:10]} Rxg5 {[%clk 0:06:16]} 61. Rha3 {[%clk 0:38:29]} Rc2+
{[%clk 0:04:23]} 62. Kb4 {[%clk 0:34:54]} Rg1 {[%clk 0:03:07]} 63. Rc7+
{[%clk 0:34:47]} Kb8 {[%clk 0:03:36]} 64. Rb3 {[%clk 0:31:32]} Nf8
{[%clk 0:01:27]} 65. Ka5+ {[%clk 0:30:50]} Ka8 {[%clk 0:01:55]} 66. Kb6
{[%clk 0:31:08]} 1-0

[Event "World Chess Olympiad 2018"]
[Site "Batumi"]
[Date "2018.09.27"]
[Round "4"]
[Board "1"]
[WhiteFideId "3508684"]
[White "Sanchez Alvarez Roberto Carlos"]
[BlackFideId "2800020"]
[Black "Gruenfeld Yehuda"]
[Result "1-0"]
[LiveChessVersion "1.4.8"]
[BlackElo "2418"]
[WhiteElo "2391"]

1. d4 {[%clk 1:30:56]} Nf6 {[%clk 1:30:54]} 2. c4 {[%clk 1:31:19]} e6
{[%clk 1:31:18]} 3. Nc3 {[%clk 1:31:42]} Bb4 {[%clk 1:31:35]} 4. g3
{[%clk 1:32:02]} O-O {[%clk 1:29:13]} 5. Bg2 {[%clk 1:32:24]} d5 {[%clk 1:26:21]}
6. Nf3 {[%clk 1:32:46]} c5 {[%clk 1:19:44]} 7. O-O {[%clk 1:30:45]} Nc6
{[%clk 1:14:26]} 8. cxd5 {[%clk 1:26:30]} exd5 {[%clk 1:14:05]} 9. Bg5
{[%clk 1:16:08]} Be6 {[%clk 1:12:05]} 10. dxc5 {[%clk 1:01:48]} Bxc5
{[%clk 1:10:53]} 11. Bxf6 {[%clk 1:00:51]} Qxf6 {[%clk 1:10:36]} 12. Nxd5
{[%clk 1:01:08]} Qxb2 {[%clk 1:09:48]} 13. Ng5 {[%clk 0:34:18]} Rad8
{[%clk 1:03:11]} 14. Qd3 {[%clk 0:23:56]} g6 {[%clk 1:03:34]} 15. Nxe6
{[%clk 0:24:20]} fxe6 {[%clk 1:03:56]} 16. Qc3 {[%clk 0:24:45]} Qxc3
{[%clk 0:54:38]} 17. Nxc3 {[%clk 0:25:14]} Bb4 {[%clk 0:51:39]} 18. Nb5
{[%clk 0:20:19]} Rd2 {[%clk 0:48:02]} 19. e3 {[%clk 0:13:42]} Ne5
{[%clk 0:45:39]} 20. Nd4 {[%clk 0:09:35]} Ng4 {[%clk 0:44:05]} 21. Nf3
{[%clk 0:09:45]} Rd6 {[%clk 0:39:56]} 22. h3 {[%clk 0:09:15]} Nf6
{[%clk 0:40:22]} 23. Rab1 {[%clk 0:08:26]} a5 {[%clk 0:39:04]} 24. Ne5
{[%clk 0:07:27]} Nd5 {[%clk 0:37:19]} 25. a3 {[%clk 0:07:43]} Bc3
{[%clk 0:35:11]} 26. Nf3 {[%clk 0:05:39]} Rd7 {[%clk 0:30:38]} 27. Ng5
{[%clk 0:05:04]} Re8 {[%clk 0:30:01]} 28. Rfd1 {[%clk 0:05:21]} Kg7
{[%clk 0:28:13]} 29. Nxe6+ {[%clk 0:03:17]} Rxe6 {[%clk 0:28:36]} 30. Rxd5
{[%clk 0:03:40]} Rc7 {[%clk 0:28:01]} 31. Rdb5 {[%clk 0:03:54]} b6
{[%clk 0:28:17]} 32. Rxb6 {[%clk 0:04:14]} Rxb6 {[%clk 0:28:14]} 33. Rxb6
{[%clk 0:04:42]} Bd2 {[%clk 0:28:23]} 34. Rb7 {[%clk 0:03:54]} Rxb7
{[%clk 0:28:49]} 35. Bxb7 {[%clk 0:04:17]} h5 {[%clk 0:29:10]} 36. a4
{[%clk 0:04:27]} Kf6 {[%clk 0:26:55]} 37. h4 {[%clk 0:01:04]} Ke6
{[%clk 0:21:51]} 38. Kf1 {[%clk 0:01:25]} Kf6 {[%clk 0:22:17]} 39. Ke2
{[%clk 0:01:49]} Bb4 {[%clk 0:22:39]} 40. f4 {[%clk 0:31:00]} Ke6
{[%clk 0:52:32]} 41. Bc6 {[%clk 0:27:10]} Ke7 {[%clk 0:52:48]} 42. Bb5
{[%clk 0:26:59]} Kf7 {[%clk 0:52:57]} 43. e4 {[%clk 0:27:21]} Bc3
{[%clk 0:53:16]} 44. e5 {[%clk 0:27:16]} Bb4 {[%clk 0:53:42]} 45. Kf2
{[%clk 0:27:15]} Bc3 {[%clk 0:54:07]} 46. Bc4+ {[%clk 0:26:52]} Kg7
{[%clk 0:54:02]} 47. Kf3 {[%clk 0:25:43]} Be1 {[%clk 0:54:20]} 48. Bd3
{[%clk 0:25:44]} Bb4 {[%clk 0:53:54]} 49. Ke4 {[%clk 0:26:12]} Be1
{[%clk 0:54:01]} 50. Kf3 {[%clk 0:26:05]} Bb4 {[%clk 0:54:24]} 51. Bc2
{[%clk 0:26:25]} Be1 {[%clk 0:50:45]} 52. Be4 {[%clk 0:23:02]} Bb4
{[%clk 0:44:10]} 53. g4 {[%clk 0:23:10]} hxg4+ {[%clk 0:41:26]} 54. Kxg4
{[%clk 0:23:38]} Kh6 {[%clk 0:41:43]} 55. Bc6 {[%clk 0:23:37]} Bc3
{[%clk 0:41:37]} 56. Be8 {[%clk 0:23:57]} Bb2 {[%clk 0:39:49]} 57. h5
{[%clk 0:24:10]} gxh5+ {[%clk 0:40:13]} 58. Bxh5 {[%clk 0:24:37]} Kg7
{[%clk 0:40:21]} 59. Kf5 {[%clk 0:24:53]} Bc1 {[%clk 0:40:35]} 60. Ke4
{[%clk 0:25:10]} 1-0

[Event "World Chess Olympiad 2018"]
[Site "Batumi"]
[Date "2018.09.27"]
[Round "4"]
[Board "2"]
[WhiteFideId "24149942"]
[White "Varezhkin Viktor"]
[BlackFideId "6600247"]
[Black "Baules Jorge"]
[Result "0-1"]
[LiveChessVersion "1.4.8"]
[BlackElo "2358"]
[WhiteElo "2261"]

1. d4 {[%clk 1:30:57]} Nf6 {[%clk 1:30:58]} 2. c4 {[%clk 1:31:22]} g6
{[%clk 1:31:24]} 3. Nc3 {[%clk 1:31:47]} Bg7 {[%clk 1:31:48]} 4. e4
{[%clk 1:32:04]} d6 {[%clk 1:32:11]} 5. f3 {[%clk 1:32:30]} O-O {[%clk 1:31:56]}
6. Be3 {[%clk 1:32:54]} Nc6 {[%clk 1:32:06]} 7. Nge2 {[%clk 1:32:55]} a6
{[%clk 1:32:21]} 8. Qd2 {[%clk 1:33:12]} Na5 {[%clk 1:32:49]} 9. Ng3
{[%clk 1:32:32]} h5 {[%clk 1:32:40]} 10. Bd3 {[%clk 1:30:28]} b5 {[%clk 1:33:02]}
11. cxb5 {[%clk 1:23:00]} axb5 {[%clk 1:33:29]} 12. O-O {[%clk 1:23:23]} b4
{[%clk 1:18:33]} 13. Na4 {[%clk 1:21:24]} Nd7 {[%clk 0:58:18]} 14. Rad1
{[%clk 1:06:08]} Nc6 {[%clk 0:30:27]} 15. Bb5 {[%clk 1:01:02]} Na7
{[%clk 0:30:55]} 16. Bc4 {[%clk 0:58:05]} Nc6 {[%clk 0:27:41]} 17. b3
{[%clk 0:57:19]} e5 {[%clk 0:24:46]} 18. Bd5 {[%clk 0:52:48]} Rxa4
{[%clk 0:25:13]} 19. Bxc6 {[%clk 0:52:06]} Ra6 {[%clk 0:24:36]} 20. d5
{[%clk 0:51:31]} h4 {[%clk 0:22:54]} 21. Ne2 {[%clk 0:36:52]} f5 {[%clk 0:22:44]}
22. exf5 {[%clk 0:29:56]} gxf5 {[%clk 0:23:13]} 23. f4 {[%clk 0:29:52]} Nf6
{[%clk 0:23:31]} 24. Qxb4 {[%clk 0:26:23]} Ng4 {[%clk 0:22:46]} 25. Bd2
{[%clk 0:23:41]} Rxa2 {[%clk 0:22:59]} 26. Ra1 {[%clk 0:23:37]} Rxa1
{[%clk 0:14:04]} 27. Rxa1 {[%clk 0:23:47]} Qe7 {[%clk 0:14:32]} 28. Re1
{[%clk 0:22:21]} Qf7 {[%clk 0:03:18]} 29. h3 {[%clk 0:20:45]} Nf6
{[%clk 0:03:46]} 30. fxe5 {[%clk 0:18:10]} dxe5 {[%clk 0:04:14]} 31. Qc4
{[%clk 0:18:23]} f4 {[%clk 0:02:14]} 32. Bb4 {[%clk 0:18:43]} Rd8
{[%clk 0:00:50]} 33. Nc3 {[%clk 0:18:23]} f3 {[%clk 0:00:32]} 34. Qxh4
{[%clk 0:17:59]} fxg2 {[%clk 0:00:33]} 35. Qg5 {[%clk 0:15:22]} Bxh3
{[%clk 0:00:42]} 36. Kh2 {[%clk 0:10:22]} Bd7 {[%clk 0:00:33]} 37. Rxe5
{[%clk 0:03:07]} Ng4+ {[%clk 0:00:36]} 0-1

[Event "World Chess Olympiad 2018"]
[Site "Batumi"]
[Date "2018.09.27"]
[Round "4"]
[Board "3"]
[WhiteFideId "6600913"]
[White "Leon Orlando"]
[BlackFideId "410551"]
[Black "Martin Lewis"]
[Result "0-1"]
[LiveChessVersion "1.4.8"]
[BlackElo "2128"]
[WhiteElo "2196"]

1. d4 {[%clk 1:30:51]} d5 {[%clk 1:30:52]} 2. Bf4 {[%clk 1:31:03]} Nf6
{[%clk 1:30:56]} 3. e3 {[%clk 1:31:20]} c6 {[%clk 1:30:33]} 4. c4
{[%clk 1:30:34]} e6 {[%clk 1:23:47]} 5. Nc3 {[%clk 1:30:06]} Nbd7
{[%clk 1:22:26]} 6. Nf3 {[%clk 1:29:26]} Be7 {[%clk 1:17:39]} 7. h3
{[%clk 1:29:42]} O-O {[%clk 1:17:10]} 8. Qc2 {[%clk 1:26:29]} a6 {[%clk 1:10:47]}
9. Bd3 {[%clk 1:21:42]} dxc4 {[%clk 1:11:04]} 10. Bxc4 {[%clk 1:22:03]} b5
{[%clk 1:11:28]} 11. Be2 {[%clk 1:19:26]} c5 {[%clk 1:09:21]} 12. O-O
{[%clk 1:16:58]} Bb7 {[%clk 1:08:56]} 13. Rfd1 {[%clk 1:12:12]} cxd4
{[%clk 1:05:48]} 14. Rxd4 {[%clk 1:10:55]} Rc8 {[%clk 1:05:38]} 15. Qd1
{[%clk 1:00:23]} Bc5 {[%clk 1:02:17]} 16. Rd2 {[%clk 0:55:23]} Qe7
{[%clk 1:02:24]} 17. a3 {[%clk 0:51:07]} e5 {[%clk 0:57:35]} 18. Bg5
{[%clk 0:51:10]} h6 {[%clk 0:56:16]} 19. Bh4 {[%clk 0:51:38]} Qe6
{[%clk 0:49:32]} 20. Rc1 {[%clk 0:40:28]} Be7 {[%clk 0:47:53]} 21. Bg3
{[%clk 0:22:44]} Nc5 {[%clk 0:42:07]} 22. Rdc2 {[%clk 0:16:08]} Nb3
{[%clk 0:39:36]} 23. Rb1 {[%clk 0:16:09]} Rfd8 {[%clk 0:38:57]} 24. Qe1
{[%clk 0:15:50]} Be4 {[%clk 0:33:50]} 25. Nxe4 {[%clk 0:09:41]} Rxc2
{[%clk 0:34:15]} 26. Bd1 {[%clk 0:07:07]} Rc1 {[%clk 0:34:10]} 27. Rxc1
{[%clk 0:07:08]} Nxc1 {[%clk 0:34:36]} 28. Nxf6+ {[%clk 0:07:03]} Bxf6
{[%clk 0:34:50]} 29. Bc2 {[%clk 0:07:21]} Nd3 {[%clk 0:33:14]} 30. Qa5
{[%clk 0:04:42]} Nxb2 {[%clk 0:26:53]} 31. Nxe5 {[%clk 0:03:54]} Rc8
{[%clk 0:26:51]} 0-1

[Event "World Chess Olympiad 2018"]
[Site "Batumi"]
[Date "2018.09.27"]
[Round "4"]
[Board "4"]
[WhiteFideId "912921"]
[White "Moldovanovic Dragan"]
[BlackFideId "6600581"]
[Black "Tapia Alexei"]
[Result "1/2-1/2"]
[LiveChessVersion "1.4.8"]
[BlackElo "2193"]
[WhiteElo "2051"]

1. d4 {[%clk 1:30:41]} Nf6 {[%clk 1:30:39]} 2. c4 e6 3. Nf3 {[%clk 1:29:16]} d5
{[%clk 1:30:24]} 4. Nc3 {[%clk 1:29:02]} Be7 {[%clk 1:29:51]} 5. e3
{[%clk 1:26:57]} O-O {[%clk 1:28:23]} 6. Bd3 {[%clk 1:26:29]} b6 {[%clk 1:23:40]}
7. O-O {[%clk 1:25:41]} Bb7 {[%clk 1:22:11]} 8. b3 {[%clk 1:22:13]} c5
{[%clk 1:20:11]} 9. cxd5 {[%clk 1:18:04]} cxd4 {[%clk 1:18:07]} 10. Nxd4
{[%clk 1:15:06]} Nxd5 {[%clk 1:17:27]} 11. Bb2 {[%clk 1:13:11]} Nd7
{[%clk 1:08:37]} 12. Rc1 {[%clk 1:09:53]} Nc5 {[%clk 1:05:14]} 13. Bb1
{[%clk 1:08:28]} Rc8 {[%clk 0:55:54]} 14. Nxd5 {[%clk 0:58:42]} Qxd5
{[%clk 0:54:18]} 15. Qg4 {[%clk 0:58:44]} Qg5 {[%clk 0:43:43]} 16. Qh3
{[%clk 0:55:13]} Qh4 {[%clk 0:40:25]} 17. Qxh4 {[%clk 0:47:56]} Bxh4
{[%clk 0:40:51]} 18. Nf3 {[%clk 0:42:51]} Be7 {[%clk 0:38:55]} 19. Rfd1
{[%clk 0:41:57]} Rfd8 {[%clk 0:35:42]} 20. Rd4 {[%clk 0:38:54]} Bd5
{[%clk 0:25:52]} 21. Rdd1 {[%clk 0:27:10]} Bb7 {[%clk 0:13:21]} 22. Rd4
{[%clk 0:25:59]} Bd5 {[%clk 0:13:26]} 23. Rdd1 {[%clk 0:26:18]} Bb7
{[%clk 0:11:58]} 24. Rd4 {[%clk 0:26:40]} Bd5 {[%clk 0:11:13]} 1/2-1/2

[Event "World Chess Olympiad 2018"]
[Site "Batumi"]
[Date "2018.09.27"]
[Round "4"]
[Board "1"]
[WhiteFideId "13203088"]
[White "Kwon Sehyun"]
[BlackFideId "16000021"]
[Black "Mutabazi Fidele"]
[Result "1-0"]
[LiveChessVersion "1.4.8"]
[BlackElo "1818"]
[WhiteElo "2129"]

1. e4 {[%clk 1:30:56]} e5 {[%clk 1:30:11]} 2. Nf3 {[%clk 1:31:18]} Nc6
{[%clk 1:30:07]} 3. Bb5 {[%clk 1:31:38]} a6 {[%clk 1:30:15]} 4. Ba4
{[%clk 1:32:01]} Nf6 {[%clk 1:29:06]} 5. d3 {[%clk 1:32:14]} b5 {[%clk 1:27:24]}
6. Bb3 {[%clk 1:32:37]} Bc5 {[%clk 1:27:18]} 7. O-O {[%clk 1:28:37]} d6
{[%clk 1:26:26]} 8. c3 {[%clk 1:28:45]} O-O {[%clk 1:26:08]} 9. Re1
{[%clk 1:28:24]} Bg4 {[%clk 1:20:19]} 10. h3 {[%clk 1:27:28]} Bxf3
{[%clk 1:19:55]} 11. Qxf3 {[%clk 1:27:40]} Nd7 {[%clk 1:08:38]} 12. Bd5
{[%clk 1:25:11]} Ndb8 {[%clk 1:07:51]} 13. Nd2 {[%clk 1:19:51]} Qf6
{[%clk 1:03:25]} 14. Qxf6 {[%clk 1:18:46]} gxf6 {[%clk 0:59:04]} 15. Nf1
{[%clk 1:16:21]} Kg7 {[%clk 0:59:10]} 16. Ng3 {[%clk 1:16:12]} Ra7
{[%clk 0:56:55]} 17. Nf5+ {[%clk 1:15:17]} Kg6 {[%clk 0:56:53]} 18. Bh6
{[%clk 1:14:41]} Re8 {[%clk 0:57:12]} 19. h4 {[%clk 1:14:40]} Re6
{[%clk 0:52:16]} 20. g4 {[%clk 1:14:32]} 1-0

[Event "World Chess Olympiad 2018"]
[Site "Batumi"]
[Date "2018.09.27"]
[Round "4"]
[Board "2"]
[WhiteFideId "16000013"]
[White "Murara Maxence"]
[BlackFideId "410969"]
[Black "Walker Martin G"]
[Result "0-1"]
[LiveChessVersion "1.4.8"]
[BlackElo "2078"]
[WhiteElo "1789"]

1. d4 {[%clk 1:30:52]} Nf6 {[%clk 1:30:54]} 2. Nf3 {[%clk 1:31:14]} g6
{[%clk 1:31:18]} 3. Bf4 {[%clk 1:29:29]} Bg7 {[%clk 1:31:12]} 4. e3
{[%clk 1:29:14]} d5 {[%clk 1:31:21]} 5. Nbd2 {[%clk 1:28:27]} O-O
{[%clk 1:31:25]} 6. Bd3 {[%clk 1:28:34]} c5 {[%clk 1:28:06]} 7. c3
{[%clk 1:27:27]} Nfd7 {[%clk 1:24:54]} 8. h4 {[%clk 1:24:06]} Nc6
{[%clk 1:07:52]} 9. h5 {[%clk 1:07:39]} e5 {[%clk 1:08:17]} 10. dxe5
{[%clk 1:07:39]} Ndxe5 {[%clk 1:08:40]} 11. Bc2 {[%clk 1:06:50]} Bg4
{[%clk 0:58:37]} 12. hxg6 {[%clk 0:59:45]} fxg6 {[%clk 0:59:01]} 13. Qe2
{[%clk 0:48:01]} Qb6 {[%clk 0:39:59]} 14. O-O-O {[%clk 0:46:23]} Rae8
{[%clk 0:23:22]} 15. Qf1 {[%clk 0:43:49]} d4 {[%clk 0:17:43]} 16. Bb3+
{[%clk 0:37:18]} Kh8 {[%clk 0:16:59]} 17. Ng5 {[%clk 0:33:51]} h6
{[%clk 0:17:24]} 18. f3 {[%clk 0:28:49]} Bf5 {[%clk 0:17:38]} 19. e4
{[%clk 0:23:12]} dxc3 {[%clk 0:17:39]} 20. bxc3 {[%clk 0:22:22]} Qa5
{[%clk 0:17:40]} 21. Kb2 {[%clk 0:19:46]} Bd7 {[%clk 0:16:19]} 22. Bxe5
{[%clk 0:17:32]} Nxe5 {[%clk 0:16:42]} 23. Nc4 {[%clk 0:16:23]} Qc7
{[%clk 0:14:12]} 24. Nxe5 {[%clk 0:10:15]} Qxe5 {[%clk 0:14:36]} 25. Qd3
{[%clk 0:09:02]} Qxg5 {[%clk 0:11:05]} 26. Qxd7 {[%clk 0:09:15]} Qxg2+
{[%clk 0:11:29]} 27. Ka3 {[%clk 0:08:40]} Qxf3 {[%clk 0:11:13]} 28. Qxb7
{[%clk 0:06:10]} Qxc3 {[%clk 0:11:24]} 29. Rd7 {[%clk 0:06:04]} Qa5+
{[%clk 0:09:55]} 30. Ba4 {[%clk 0:06:05]} Rf3+ {[%clk 0:10:16]} 31. Qb3
{[%clk 0:03:13]} Qb4# {[%clk 0:10:12]} 0-1

[Event "World Chess Olympiad 2018"]
[Site "Batumi"]
[Date "2018.09.27"]
[Round "4"]
[Board "3"]
[WhiteFideId "13200518"]
[White "Kim Saebyeok"]
[BlackFideId "16000480"]
[Black "Nzabanita Joseph"]
[Result "1-0"]
[LiveChessVersion "1.4.8"]
[BlackElo "1849"]
[WhiteElo "1999"]

1. e4 {[%clk 1:30:58]} e5 {[%clk 1:29:29]} 2. Nf3 {[%clk 1:31:16]} Nc6
{[%clk 1:29:29]} 3. Bb5 {[%clk 1:31:19]} a6 {[%clk 1:29:37]} 4. Ba4
{[%clk 1:31:42]} d6 {[%clk 1:29:26]} 5. c3 {[%clk 1:30:46]} Bg4 {[%clk 1:27:27]}
6. d3 {[%clk 1:28:56]} Nf6 {[%clk 1:27:34]} 7. Nbd2 {[%clk 1:28:08]} Be7
{[%clk 1:26:54]} 8. h3 {[%clk 1:28:09]} Bh5 {[%clk 1:27:01]} 9. Nf1
{[%clk 1:26:46]} b5 {[%clk 1:21:14]} 10. Bc2 {[%clk 1:26:47]} h6 {[%clk 1:18:18]}
11. Ng3 {[%clk 1:25:17]} Bg6 {[%clk 1:18:23]} 12. Nh4 {[%clk 1:13:52]} Bh7
{[%clk 1:10:28]} 13. Nhf5 {[%clk 1:13:59]} Bf8 {[%clk 1:10:13]} 14. Qf3
{[%clk 1:10:59]} Bxf5 {[%clk 1:06:54]} 15. Nxf5 {[%clk 1:08:02]} Ng8
{[%clk 1:02:35]} 16. Bb3 {[%clk 1:06:26]} Nf6 {[%clk 1:02:07]} 17. a4
{[%clk 1:03:11]} b4 {[%clk 1:02:18]} 18. a5 {[%clk 1:01:56]} bxc3
{[%clk 1:01:58]} 19. Ba4 {[%clk 1:01:26]} Qd7 {[%clk 1:01:58]} 20. bxc3
{[%clk 1:00:42]} Rb8 {[%clk 1:01:10]} 21. O-O {[%clk 1:00:47]} Ng8
{[%clk 1:01:12]} 22. d4 {[%clk 1:01:01]} Rb5 {[%clk 1:01:18]} 23. d5
{[%clk 1:01:04]} Nxa5 {[%clk 1:00:13]} 24. Qe2 {[%clk 0:54:34]} Nb3
{[%clk 0:59:54]} 25. Rb1 {[%clk 0:53:29]} Nxc1 {[%clk 0:56:31]} 26. Rfxc1
{[%clk 0:53:45]} g6 {[%clk 0:56:08]} 27. Rxb5 {[%clk 0:54:07]} axb5
{[%clk 0:56:27]} 28. Bxb5 {[%clk 0:54:33]} gxf5 {[%clk 0:56:54]} 29. Bxd7+
{[%clk 0:54:49]} Kxd7 {[%clk 0:57:22]} 30. Qh5 {[%clk 0:54:50]} Ke7
{[%clk 0:57:02]} 31. Qxf5 {[%clk 0:55:03]} Nf6 {[%clk 0:56:34]} 32. c4
{[%clk 0:54:04]} Rg8 {[%clk 0:55:45]} 33. c5 {[%clk 0:54:14]} Rg5
{[%clk 0:55:43]} 34. cxd6+ {[%clk 0:54:34]} 1-0